000 00965nam a2200277Ia 4500
003 OSt
005 20221002045324.0
006 a|||||r|||| 00| 0
007 ta
008 220930b |||||||| |||| 00| 0 eng d
020 _a9781412926058 (pbk)
_c6455
024 _a95360
037 _b6008, 17/03/2009, Atlantic Publisher & Dist. Pvt Ltd.
_cReference Collections
040 _aCRL
_cCRL
_beng
041 _2eng
_aeng
082 _aS:(L:4:31):fg, P8(RR)
100 _aLuecken Linda J. Ed.
_9427772
245 0 _aHandbook of physiological research methods in health psychology
260 _aLos
_bAngeles Sage USA
_c2008
300 _aix,461p.
_ccm.
650 _a RESEARCH METHODS
650 _aPSYCHOLOGY
700 _a Gallo Linda C. Ed.
_9427774
942 _hS:(L:4:31):fg, P8(RR)
_cref
_2CC
999 _c912180
_d912180